000 00236nam a22001217a 4500
020 _a0-7802-4594-6
082 _a001
_bCON/A
245 _aASTRONAUTS
260 _aNEW ZEALAND
_bWRIGHT GROUP
300 _a15
650 _aGK
942 _cBK
999 _c6691
_d6691